| 000 | 00362nam a22001217a 4500 | ||
|---|---|---|---|
| 008 | 181127b xxu||||| |||| 00| 0 eng d | ||
| 041 | _aeng | ||
| 080 | _a043.3 | ||
| 100 | _a0 | ||
| 101 | _aMTH-MEK | ||
| 245 |
_aPërmirësimi i performancës së bizneseve Kosovare duke aplikuar metodën e ri-inxhinerimit të procesit të biznesit _cMujku,U |
||
| 942 |
_2udc _cBK |
||
| 999 |
_c52571 _d52571 |
||